Statistics for Countries by Polish Ancestry

Click here to take the quiz!

General Stats

  • This quiz has been taken 53 times
  • The average score is 17 of 20

Answer Stats

Total%Country% Correct
5.000.0004.5%Germany
100%
700.0001.6%United Kingdom
100%
9.570.0003.0%United States
98%
1.000.0002.0%France
93%
73.0000.1%Russia
93%
1.100.0003.0%Canada
91%
115.0001.1%Sweden
91%
3.200.0002.7%Brazil
89%
145.0000.3%Ukraine
86%
48.0000.3%Australia
84%
51.0000.5%Czech Republic
84%
210.0006.6%Lithuania
84%
70.0000.1%Spain
84%
550.0001.3%Argentina
82%
300.0003.1%Belarus
80%
52.0002.5%Latvia
80%
25.0000.5%Denmark
77%
122.0002.7%Ireland
77%
45.0000.2%Chile
61%
640.0007.0%Israel
43%

Score Distribution

Percentile by Number Answered

Percent of People with Each Score

Your Score History

You have not taken this quiz